BIBLIOTECA Y CENTRO DE DOCUMENTACIÓN
Vista normal Vista MARC
  • Díaz del Castillo, Bernal,

Entrada Personal Name

Número de registros utilizados en: 1

001 - CONTROL NUMBER

  • control field: 27786

003 - CONTROL NUMBER IDENTIFIER

  • control field: AR-MoUNM

005 - DATE AND TIME OF LATEST TRANSACTION

  • control field: 20260317163659.0

008 - FIXED-LENGTH DATA ELEMENTS

  • fixed length control field: 800214n| azannaabn |a aaa

010 ## - LIBRARY OF CONGRESS CONTROL NUMBER

  • LC control number: n 50002086

035 ## - SYSTEM CONTROL NUMBER

  • System control number: (OCoLC)oca00037746

035 ## - SYSTEM CONTROL NUMBER

  • System control number: 2796214

040 ## - CATALOGING SOURCE

  • Original cataloging agency: DLC
  • Language of cataloging: eng
  • Description conventions: rda
  • Transcribing agency: DLC
  • Modifying agency: DLC
  • Modifying agency: OCoLC
  • Modifying agency: DLC
  • Modifying agency: ICU

100 1# - HEADING--PERSONAL NAME

  • Personal name: Díaz del Castillo, Bernal,
  • Dates associated with a name: 1496-1584

400 1# - SEE FROM TRACING--PERSONAL NAME

  • Personal name: Díaz, Bernal,
  • Dates associated with a name: 1496-1584

400 1# - SEE FROM TRACING--PERSONAL NAME

  • Personal name: Castillo, Bernal Díaz del,
  • Dates associated with a name: 1496-1584

400 1# - SEE FROM TRACING--PERSONAL NAME

  • Personal name: Del Castillo, Bernal Díaz,
  • Dates associated with a name: 1496-1584

400 1# - SEE FROM TRACING--PERSONAL NAME

  • Control subfield: nnaa
  • Personal name: Díaz del Castillo, Bernal,
  • Dates associated with a name: 1492-1581?

400 1# - SEE FROM TRACING--PERSONAL NAME

  • Control subfield: nnaa
  • Personal name: Díaz del Castillo, Bernardo,
  • Dates associated with a name: 1492-1581?

670 ## - SOURCE DATA FOUND

  • Source citation: OCLC 3325905: The true history of the conquest of Mexico, 1938
  • Information found: (by Captain Bernal Díaz del Castillo, one of the conquerors)

670 ## - SOURCE DATA FOUND

  • Source citation: NUC pre-56
  • Information found: (Díaz del Castillo, Bernal, 1492-1581?; Díaz del Castillo, Bernal, i.e. Bernardo, 1492-1581?)

670 ## - SOURCE DATA FOUND

  • Source citation: OCLC, July 29, 1999
  • Information found: (hdgs.: Díaz del Castillo, Bernal, 1496-1584; Díaz del Castillo, Bernal, 1492-1581?; Díaz del Castillo, Bernal; Díaz del Castillo, Bernal, ca.1492-ca.1580; Díaz del Castillo, Bernal, 1495-1584; usage: Bernal Díaz del Castillo; Bernal Diaz del Castillo; Díaz del Castillo; Diaz del Castillo; Bernal Díaz)
Biblioteca UNM
Universidad Nacional de Moreno
Av. Bme. Mitre Nº 1891 (B1744OHC) Moreno
Provincia de Buenos Aires, República Argentina
(0237) 460-9300 (líneas rotativas)
(011) 2078-9170 (líneas rotativas)
biblioteca@unm.edu.ar
Universidad del Bicentenario Argentino